-
SHUKLA, DR. PADMINI .,ALOK,DR.SHASHI.,SHUKLA,DR. PRABODH
Entry Personal Name
Number of records used in: 1
001 - CONTROL NUMBER
003 - CONTROL NUMBER IDENTIFIER
005 - DATE AND TIME OF LATEST TRANSACTION
- control field:
20240108163316.0
008 - FIXED-LENGTH DATA ELEMENTS
- fixed length control field:
240108|| aca||aabn | a|a d
040 ## - CATALOGING SOURCE
- Original cataloging agency:
JRU
- Transcribing agency:
JRU
100 ## - HEADING--PERSONAL NAME
- Personal name:
SHUKLA, DR. PADMINI .,ALOK,DR.SHASHI.,SHUKLA,DR. PRABODH
670 ## - SOURCE DATA FOUND
- Source citation:
Work cat.: (JRU)5966: SHUKLA, DR. PADMINI .,ALOK,DR.SHASHI.,SHUKLA,DR. PRABODH, A TEXT BOOK OF PHARMACOGNOSY AND PHYTOCHEMISTRY- I